Statistics for All Urban Areas With Over 1 Million People

Click here to take the quiz!

General Stats

  • This quiz has been taken 39 times
  • The average score is 247 of 594

Answers on the Map

Answers color-coded by a green-red scale on the quiz's map according to % correct below.
 

Answer Stats

CountryPopulationUrban AreaLocal Name% Correct
United States22,100,000New York City
94%
United States9,750,000Chicago
92%
United States17,700,000Los Angeles
92%
United States4,425,000Seattle
92%
United States7,350,000Philadelphia
89%
United States7,850,000San Francisco
89%
Canada2,875,000Vancouver
89%
United States7,750,000Boston
86%
United States7,200,000Dallas
86%
United States3,750,000Denver
86%
United States6,750,000Houston
86%
United States2,275,000Las Vegas
86%
United Kingdom14,800,000London
86%
Mexico23,000,000Mexico CityCiudad de México
86%
United States2,425,000Portland
86%
United States4,375,000Tampa
86%
United States8,550,000Washington, DC
86%
Ethiopia3,800,000Addis Ababaአዲስ አበባ
83%
Egypt5,800,000Alexandriaالإسكندرية
83%
Algeria3,975,000Algiersالجزائر
83%
United States1,960,000Austin
83%
Egypt21,000,000Cairoالقاهرة
83%
South Africa4,225,000Cape Town
83%
Finland1,300,000Helsinki
83%
Ukraine3,475,000KievКиїв
83%
United States6,400,000Miami
83%
Kenya5,900,000Nairobi
83%
United States1,010,000New Orleans
83%
Norway1,190,000Oslo
83%
Russia5,650,000Saint PetersburgСанкт-Петербург
83%
Sweden2,225,000Stockholm
83%
Australia5,300,000Sydney
83%
Japan40,400,000Tokyo東京都
83%
Tunisia2,675,000Tunisتونس
83%
New Zealand1,410,000Auckland
81%
Denmark1,680,000CopenhagenKøbenhavn
81%
India30,300,000DelhiHindi: दिल्ली, Punjabi: ਦਿੱਲੀ, Urdu: دہلی
81%
United States5,750,000Detroit
81%
Ireland1,390,000Dublin
81%
Canada1,370,000Edmonton
81%
Cuba2,225,000HavanaLa Habana
81%
United States1,000,000Honolulu
81%
United States1,450,000Jacksonville
81%
South Africa13,900,000Johannesburg
81%
Spain6,550,000Madrid
81%
Philippines25,700,000ManilaMaynilà
81%
Australia4,975,000Melbourne
81%
United States1,200,000Melbourne
81%
United States3,175,000Minneapolis
81%
Canada4,225,000Montreal
81%
Russia17,300,000MoscowMосква
81%
United States3,450,000Orlando
81%
Japan17,700,000Osaka大阪市
81%
Canada1,250,000Ottawa
81%
United States4,700,000Phoenix
81%
Brazil13,200,000Rio de Janeiro
81%
United States2,075,000Sacramento
81%
Yemen2,800,000Sana'aصَنْعَاء
81%
United States3,350,000San Diego
81%
China33,600,000Shanghai上海市
81%
Canada7,450,000Toronto
81%
Poland2,375,000WarsawWarszawa
81%
Thailand18,800,000Bangkokกรุงเทพมหานคร
78%
Spain4,775,000Barcelona
78%
China19,800,000Beijing北京市
78%
Colombia9,600,000Bogotá
78%
Belgium2,700,000BrusselsBruxelles
78%
Romania2,200,000BucharestBucurești
78%
Hungary2,625,000Budapest
78%
Canada1,500,000Calgary
78%
United Arab Emirates5,350,000Dubaiدبي
78%
United Kingdom1,680,000Glasgow
78%
Guatemala3,150,000Guatemala CityCiudad de Guatemala
78%
Nigeria19,400,000LagosYoruba: Èkó
78%
Portugal2,475,000LisbonLisboa
78%
United Kingdom3,050,000Manchester
78%
Saudi Arabia2,125,000Meccaمَكَّةُ
78%
Belarus2,000,000MinskBelarusian: Мінск, Russian: Минск
78%
France11,400,000Paris
78%
Haiti3,225,000Port-au-Prince
78%
Saudi Arabia8,050,000Riyadhالرياض
78%
United States2,450,000Salt Lake City
78%
Costa Rica2,375,000San José
78%
Dominican Republic4,000,000Santo Domingo
78%
Taiwan9,150,000Taipei臺北市
78%
United Arab Emirates1,500,000Abu Dhabiأَبُو ظَبْيٍ
75%
Turkey5,050,000Ankara
75%
Greece3,350,000AthensΑθήνα
75%
United States5,850,000Atlanta
75%
Germany4,725,000Berlin
75%
Venezuela3,750,000Caracas
75%
United States3,075,000Cleveland
75%
Mexico5,350,000Guadalajara
75%
China46,700,000Guangzhou广州市
75%
China7,500,000Hong Kong香港
75%
United States2,000,000Indianapolis
75%
Turkey16,000,000Istanbulİstanbul
75%
Indonesia31,300,000Jakarta
75%
Congo, D.R.12,400,000KinshasaLingala: Kinsásá
75%
Peru10,100,000Lima
75%
Angola8,150,000Luanda
75%
France1,980,000Lyon
75%
United States1,160,000Memphis
75%
United States1,550,000Milwaukee
75%
India25,100,000MumbaiMarathi: मुंबई
75%
United States1,480,000Nashville
75%
Australia2,075,000Perth
75%
United States2,050,000Pittsburgh
75%
Portugal1,540,000Porto
75%
Morocco2,050,000RabatBerber: ⴰⵕⴱⴰⵟ, Arabic: الرِّبَاط
75%
Italy3,575,000RomeRoma
75%
South Korea24,800,000Seoul서울시
75%
Iran15,300,000Tehranتهران
75%
Austria2,250,000ViennaWien
75%
Australia1,340,000Adelaide
72%
Netherlands2,475,000Amsterdam
72%
Serbia1,420,000BelgradeБеоград
72%
United Kingdom3,150,000Birmingham
72%
Brazil4,000,000Brasília
72%
Argentina16,400,000Buenos Aires
72%
United States1,350,000Buffalo
72%
United States2,475,000Charlotte
72%
Germany5,000,000Cologne / DusseldorfKöln / Düsseldorf
72%
United States1,760,000Columbus
72%
Tanzania6,450,000Dar es Salaam
72%
Bangladesh20,200,000DhakaBengali: বাংলাদেশ
72%
United States1,030,000El Paso
72%
Vietnam3,800,000HanoiHà Nội
72%
Vietnam8,600,000Ho Chi Minh CityThành Phố Hồ Chí Minh
72%
United States1,990,000Kansas City
72%
Sudan6,300,000Khartoumالخرطوم
72%
India16,800,000KolkataBengali: কলকাতা
72%
Malaysia8,900,000Kuala Lumpur
72%
Italy6,200,000MilanMilano
72%
Germany2,250,000MunichMünchen
72%
Japan10,500,000Nagoya名古屋市
72%
Panama1,540,000Panama CityCiudad de Panamá
72%
Ecuador2,725,000Quito
72%
El Salvador1,900,000San Salvador
72%
Chile7,250,000Santiago
72%
Brazil22,400,000São Paulo
72%
Spain1,290,000SevilleSevilla
72%
_________ (Asia)7,900,000Singapore
72%
Israel2,700,000Tel Aviv-Jaffaתל־אביב–יפוتل/ أبيب - يافا
72%
Switzerland1,430,000ZurichZürich
72%
Iraq7,000,000Baghdadبغداد
69%
Lebanon1,750,000Beirutبيروت
69%
India11,300,000ChennaiTamil: சென்னை
69%
United States2,775,000Cincinnati
69%
Senegal3,725,000DakarNdakaaru
69%
Germany3,250,000FrankfurtFankfurt am Main
69%
Germany2,875,000Hamburg
69%
France1,660,000Marseille
69%
Somalia1,940,000Mogadishuمقديشو
69%
Mexico5,000,000Monterrey
69%
Italy4,225,000NaplesNapoli
69%
Kazakhstan1,120,000Nur-SultanKazakh: Нұр-Сұлтан, Russian: Нур-Султан
69%
Czech Republic1,440,000PraguePraha
69%
United States2,225,000San Antonio
69%
United States1,920,000San Juan
69%
Bulgaria1,300,000SofiaСофия
69%
Mexico1,970,000Tijuana
69%
Libya1,250,000Tripoliطرابلس
69%
United States1,000,000Tucson
69%
Spain1,840,000Valencia
69%
Venezuela2,000,000Valencia
69%
India12,200,000BengaluruBengali: বেঙ্গালুরু
67%
Congo, R.2,250,000BrazzavilleBalazavile
67%
Australia3,150,000Brisbane
67%
Colombia2,875,000Cali
67%
Sri Lanka4,750,000Colomboකොළඹ
67%
Syria3,825,000Damascusدمشق
67%
Pakistan2,275,000Hyderabadحیدر آباد
67%
India10,200,000HyderabadTelugu: హైదరాబాద్, Urdu: حیدرآباد
67%
Saudi Arabia4,950,000Jeddahجدة
67%
Pakistan17,800,000Karachiکراچی
67%
Kuwait4,750,000Kuwait Cityمدينة الكويت
67%
Pakistan13,000,000Lahoreلاہور
67%
Bolivia2,125,000La Paz
67%
United Kingdom2,175,000Leeds
67%
United Kingdom1,880,000Liverpool
67%
Nicaragua1,320,000Managua
67%
Colombia4,025,000Medellín
67%
Uruguay1,860,000Montevideo
67%
Ukraine1,110,000OdessaUkrainian: Одеса, Russian: Одесса
67%
United States1,140,000Oklahoma City
67%
Netherlands3,250,000Rotterdam
67%
United States2,350,000Saint Louis
67%
China12,700,000Tianjin天津市
67%
Mongolia1,400,000UlaanbaatarУлаанбаатар / ᠤᠯᠠᠭᠠᠨᠪᠠᠭᠠᠲᠤᠷ
67%
Armenia1,500,000YerevanԵրևան
67%
Nigeria3,525,000Abuja
64%
Ghana5,100,000Accra
64%
India8,500,000AhmedabadGujarati: અમદાવાદ
64%
Jordan5,600,000Ammanعَمّان
64%
Madagascar1,340,000Antananarivo
64%
Paraguay2,350,000Asunción
64%
Azerbaijan2,575,000BakuBaki
64%
Brazil5,000,000Belo Horizonte
64%
Qatar2,425,000Dohaالدوحة
64%
South Africa3,425,000Durban
64%
Nepal3,125,000Kathmanduकाठमाडौं
64%
United States1,060,000Louisville
64%
Morocco1,120,000MarrakeshArabic: مراكش, Berber: ⴰⵎⵓⵔⴰⴽⵓⵛ
64%
United States1,660,000Raleigh
64%
Pakistan3,450,000Rawalpindiراولپِنڈی
64%
Japan2,500,000Sapporo札幌市
64%
Georgia1,350,000Tbilisiთბილისი
64%
Honduras1,150,000Tegucigalpa
64%
United States1,610,000Virginia Beach
64%
China9,050,000Wuhan武汉市
64%
Myanmar5,600,000Yangonရန်ကုန်မြို့
64%
India1,240,000AligarhHindi: अलीगढ़, Urdu: علی گڑھ
61%
China9,600,000Chengdu成都市
61%
Italy1,010,000FlorenceFirenze
61%
Turkey3,025,000Izmirİzmir
61%
Afghanistan4,325,000Kabulکابل
61%
Uganda3,525,000Kampala
61%
Saudi Arabia1,540,000Medinaٱلْمَدِيْنَة ٱلْمُنَوَّرَة
61%
United Kingdom1,480,000Newcastle
61%
Cambodia2,075,000Phnom Penhរាជធានីភ្នំពេញ
61%
North Korea2,950,000Pyongyang평양시 / 平壤市
61%
United States1,070,000Richmond
61%
Brazil3,600,000Salvador
61%
Uzbekistan3,225,000TashkentТашкент
61%
France1,040,000Toulouse
61%
China6,950,000Xi'an西安市
61%
Kazakhstan2,100,000AlmatyАлматы
58%
Belgium1,220,000AntwerpAntwerpen
58%
France1,080,000Bordeaux
58%
Morocco1,270,000FesArabic: فاس, Berber: ⴼⴰⵙ
58%
Ecuador3,150,000Guayaquil
58%
Japan1,880,000Hiroshima広島市
58%
Bahrain1,530,000Manamaالمنامة
58%
Brazil2,200,000Manaus
58%
Liberia1,590,000Monrovia
58%
Oman1,430,000Muscatمَسْقَط
58%
South Africa1,350,000Port Elizabeth
58%
India6,900,000PuneMarathi: पुणे
58%
United Kingdom1,570,000Sheffield
58%
Italy1,640,000TurinTorino
58%
China10,000,000Xiamen厦门市
58%
Ivory Coast5,600,000Abidjan
56%
Syria1,910,000Aleppoﺣَﻠَﺐ
56%
Bangladesh4,925,000ChittagongBengali: চট্টগ্রাম
56%
Zimbabwe2,050,000Harare
56%
United States1,690,000Hartford
56%
Spain1,030,000Málaga
56%
Russia1,690,000NovosibirskНовосибирск
56%
Brazil3,850,000Recife
56%
Germany2,400,000Stuttgart
56%
China4,050,000ÜrümqiUyghur: ئۈرۈمچى, Chinese: 乌鲁木齐
56%
Kyrgyzstan1,090,000BishkekKyrgyz/Russian: Бишке́к
53%
Sierra Leone1,790,000Freetown
53%
China8,450,000Hangzhou杭州市
53%
China5,100,000Harbin哈尔滨市
53%
France1,290,000Lille
53%
Mozambique2,275,000Maputo
53%
United Kingdom1,380,000Nottingham
53%
Indonesia6,100,000SurabayaJavanese: ꦯꦸꦫꦧꦪ
53%
Russia1,410,000VolgogradВолгоград
53%
Russia1,660,000YekaterinburgЕкатеринбург
53%
Mali3,525,000BamakoBàmakɔ̌
50%
Germany1,000,000Bremen
50%
South Korea4,125,000Busan부산시
50%
China8,150,000Chongqing重庆市
50%
Guinea2,525,000ConakrySosso: Kɔnakiri
50%
Ukraine1,440,000DonetskДонецьк
50%
Japan2,750,000Fukuoka福岡市
50%
India3,950,000JaipurHindi: जयपुर
50%
Nigeria4,700,000Kano
50%
Rwanda1,180,000Kigali
50%
Zambia2,675,000LusakaMwalusaka
50%
Kenya1,220,000Mombasa
50%
Chad1,410,000N'Djamenaانجمينا
50%
Niger1,300,000Niamey
50%
Algeria1,480,000Oranوهران
50%
Brazil4,125,000Porto Alegre
50%
Germany5,700,000The RuhrRuhrgebiet
50%
Cameroon3,450,000Yaoundé
50%
Turkey1,300,000Antalya
47%
Turkmenistan1,390,000AshgabatАшгабат
47%
Philippines2,725,000Cebu
47%
Brazil3,675,000Fortaleza
47%
Russia1,260,000KazanКазань
47%
Ukraine1,640,000KharkivХарків
47%
Malawi1,060,000Lilongwe
47%
Togo2,100,000Lomé
47%
China6,600,000Nanjing南京市
47%
Germany1,200,000NurembergNürnberg
47%
Burkina Faso2,625,000OuagadougouMossi: wɔɣədəɣʊ
47%
Mexico3,175,000Puebla
47%
India2,300,000AgraHindi: आगरा, Urdu: آگرہ
44%
Argentina1,670,000Córdoba
44%
Palestinian Terr. (Israel)1,960,000Gazaغزة
44%
United States1,130,000Greensboro
44%
Germany1,150,000HanoverHannover
44%
United States1,330,000Harrisburg
44%
Poland2,350,000Katowice
44%
Russia1,300,000Rostov-on-DonРостов-на-Дону
44%
United Kingdom1,160,000Southampton
44%
India6,600,000SuratGujarati: સુરત
44%
Brazil2,225,000Belém
42%
Colombia1,130,000Cartagena
42%
Iran3,200,000Isfahanاصفهان
42%
United States1,300,000McAllen
42%
Iraq1,400,000Mosulالموصل
42%
Russia1,730,000Nizhny NovgorodНижний Новгород
42%
Mauritania1,270,000Nouakchottنواكشوط
42%
China6,100,000Qingdao青岛市
42%
Argentina1,370,000Rosario
42%
Russia1,300,000SamaraСамара
42%
China8,000,000Shenyang沈阳市
42%
Morocco1,110,000TangierArabic: طنجة, Berber: ⵟⴰⵏⵊⴰ
42%
Indonesia6,950,000Bandung
39%
Central African Republic1,190,000BanguiBangî
39%
Colombia2,100,000Barranquilla
39%
Tajikistan1,010,000DushanbeTajik/Russian: Душанбе
39%
China4,250,000Kunming昆明市
39%
Venezuela2,625,000Maracaibo
39%
Gambia1,000,000Banjul
36%
Turkey2,075,000BursaOttoman Turkish: بورسا
36%
South Korea2,750,000Daegu대구시
36%
China4,550,000Dalian大连市
36%
Vietnam1,010,000Da NangĐà Nẵng
36%
Indonesia1,550,000Denpasar
36%
Ukraine1,390,000DnepropetrovskДніпро
36%
Germany1,580,000Mannheim
36%
Mexico1,060,000Mexicali
36%
China3,475,000Nanning南宁市
36%
Japan1,500,000Sendai仙台市
36%
Russia1,130,000UfaУфа
36%
Chile1,020,000Valparaiso
36%
Nigeria1,650,000Benin City
33%
China4,925,000Changsha长沙市
33%
Russia1,410,000ChelyabinskЧелябинск
33%
Saudi Arabia2,500,000Dammamالدمام
33%
Cameroon3,375,000Douala
33%
China4,025,000Fuzhou福州市
33%
Malaysia2,125,000George Town
33%
India3,725,000LucknowHindi: लखनऊ, Urdu: لکھنؤ
33%
Myanmar1,560,000Mandalayမန္တလေး
33%
Indonesia4,000,000Medan
33%
Russia1,110,000PermПермь
33%
United States1,260,000Stockton
33%
Turkey1,740,000AdanaArmenian: Ադանա, Arabic: أضنة
31%
Brazil3,425,000Curitiba
31%
Pakistan3,650,000Faisalabadفیصل آباد
31%
Nigeria3,575,000IbadanYoruba: Ìbàdàn
31%
Russia1,120,000OmskОмск
31%
Nigeria2,350,000Port HarcourtIkwerre: Okrika-Ijaw
31%
Iran1,290,000Qomقم
31%
China7,650,000Shantou汕头市
31%
Iran1,770,000Shirazشیراز
31%
Iraq1,520,000Basraالبَصرة
28%
Turkey1,670,000Gaziantep
28%
China4,950,000Hefei合肥市
28%
Mexico1,500,000JuarezCiudad Juárez
28%
India3,475,000KanpurHindi: कानपुर
28%
Mexico1,940,000León
28%
Congo, D.R.2,200,000Lubumbashi
28%
Argentina1,090,000Mendoza
28%
Mexico1,150,000Mérida
28%
India3,275,000NagpurMarathi: नागपूर
28%
Brazil1,410,000Natal
28%
Russia1,090,000SaratovСаратов
28%
Russia1,060,000VoronezhВоронеж
28%
United States1,090,000Cape Coral
25%
Iraq1,090,000ErbilKurdish: Hewlêr, Arabic: ھەولێر, Syriac: ܐܲܪܒܹܝܠ
25%
Russia1,130,000KrasnoyarskКрасноярск
25%
China3,875,000Nanchang南昌市
25%
China3,275,000Ningbo宁波市
25%
Bolivia2,150,000Santa Cruz
25%
Brazil1,740,000Santos
25%
China4,625,000Shijiazhuang石家庄市
25%
Iran1,820,000Tabrizتبریز
25%
China5,350,000Wenzhou温州市
25%
China4,950,000Zhengzhou郑州市
25%
Morocco1,190,000AgadirBerber: ⴰⴳⴰⴷⵉⵔ, Arabic: اكادير‎
22%
India2,425,000BhopalHindi: भोपाल
22%
Brazil3,200,000Campinas
22%
China3,700,000Changchun长春市
22%
Benin1,830,000CotonouFon: Kútɔ̀nú
22%
India3,175,000IndoreHindi: इंदौर
22%
Turkey1,300,000Konya
22%
Ghana3,025,000Kumasi
22%
China2,900,000Lanzhou兰州市
22%
Japan1,210,000Naha那覇市
22%
India2,675,000PatnaHindi: पटना, Urdu: پٹنہ
22%
Brazil1,440,000São Luís
22%
China1,130,000Suzhou宿州市
22%
China4,125,000Taiyuan太原市
22%
Mexico2,325,000Toluca
22%
Mexico1,170,000Aguascalientes
19%
Philippines1,490,000Angeles
19%
China2,625,000Anshan鞍山市
19%
Philippines1,570,000Davao
19%
Brazil2,425,000Goiânia
19%
Taiwan2,775,000Kaohsiung高雄市
19%
India1,230,000MysuruKannada: ಮೈಸೂರು
19%
Pakistan2,350,000PeshawarPashto: پېښور, Hindko: پشور, Urdu: پشاور
19%
India1,940,000VaranasiHindi: वाराणसी, Urdu: وارانسی
19%
Thailand1,350,000Chonburiชลบุรี
17%
Bolivia1,410,000Cochabamba
17%
Pakistan2,775,000Gujranwalaگوجرانوالہ
17%
China1,540,000Jilin吉林市
17%
India1,480,000JodhpurHindi: जोधपुर
17%
Iraq1,030,000KirkukArabic: كركوك, Kurdish: کەرکووک, Turkish: Kerkük
17%
Indonesia1,890,000MakassarMakassarese: ᨀᨚᨈ ᨆᨀᨔᨑ
17%
Congo, D.R.2,075,000Mbuji-Mayi
17%
Turkey1,000,000Mersin
17%
Nigeria1,200,000OnitshaIgbo: Ọ̀nị̀chà Mmílí
17%
Pakistan1,140,000QuettaPashto: کوټه, Balochi: کویته, Hazaragi: کویته, Urdu: کوئٹہ
17%
Mexico1,230,000San Luis Potosí
17%
Argentina1,020,000San Miguel de Tucumán
17%
Honduras1,210,000San Pedro Sula
17%
Taiwan2,425,000Taichung臺中市
17%
South Korea1,110,000Ulsan울산시
17%
China3,525,000Zibo淄博市
17%
Iran1,380,000Ahvazاهواز / الأهواز
14%
India1,460,000AllahabadHindi: इलाहाबाद, Urdu: الہ آباد
14%
Peru1,080,000Arequipa
14%
India2,900,000BhilaiOdia: ଭିଲାଇ |
14%
Turkey1,040,000DiyarbakirKurdish: Amed, Armenian: Դիարբեքիր, Syriac: ܐܡܝܕܐ
14%
Brazil1,000,000Florianópolis
14%
China1,870,000HohhotChinese: 呼和浩特市, Mongolian: ᠬᠥᠬᠡᠬᠣᠲᠠ
14%
China1,930,000Huainan淮南市
14%
Turkey1,090,000Kayseri
14%
Japan2,000,000Kitakyushu北九州市
14%
India1,590,000KochiMalayalam: കൊച്ചി
14%
Venezuela1,420,000Maracay
14%
Mexico1,440,000Querétaro
14%
Tunisia1,140,000Sousseسوسة
14%
Indonesia1,630,000SurakartaJavanese: ꦯꦸꦫꦏꦂꦠ, Chinese: 梭罗
14%
India2,200,000VishakhapatnamTelugu: విశాఖపట్నం
14%
Nigeria1,150,000AbaAba Ngwa
11%
China2,225,000BaotouChinese: 包头市, Mongolian: ᠪᠤᠭᠤᠲᠤᠬᠣᠲᠠ
11%
Venezuela1,300,000Barquisimeto
11%
Colombia1,260,000Bucaramanga
11%
India2,350,000ChandigarhHindi: चंडीगढ़
11%
China1,860,000Haikou海口市
11%
Brazil1,130,000João Pessoa
11%
Nigeria1,020,000JosBerom: Jise, Afizere: Gise, Hausa: Tadun-Wada
11%
Nigeria1,880,000Kaduna
11%
Japan2,200,000Okayama岡山市
11%
Congo, R.1,180,000Pointe-NoireNdindi
11%
Taiwan1,310,000Tainan臺南市
11%
Brazil1,040,000Teresina
11%
Mexico1,370,000Torreón
11%
India2,225,000VadodaraGujarati: વડોદરા
11%
Brazil1,850,000Vitória
11%
Nigeria1,000,000Warri
11%
India1,400,000AmritsarPunjabi: ਅੰੰਮਿ੍ਤਸਰ
8%
Indonesia1,390,000BatamJawi: باتام
8%
China2,000,000Cixi慈溪市
8%
China3,300,000Guiyang贵阳市
8%
Japan1,310,000Hamamatsu浜松市
8%
China2,800,000Huizhou惠州市
8%
Iran1,020,000KermanshahPersian: کرمانشاه, Kurdish: کرماشان
8%
Bangladesh1,100,000KhulnaBengali: খুলনা
8%
Congo, D.R.1,160,000Kisangani
8%
India1,370,000KotaHindi: कोटा
8%
Brazil1,110,000Maceió
8%
Pakistan2,100,000Multanمُلتان
8%
Indonesia1,720,000PalembangJawi: ڤلامبڠ
8%
Indonesia1,220,000PekanbaruJawi: ڤكنبارو
8%
Indonesia2,250,000SemarangJavanese: ꦏꦸꦛꦯꦼꦩꦫꦁ
8%
India1,600,000SrinagarUrdu: سری نگر
8%
China2,300,000Taizhou台州市
8%
China2,875,000Tangshan唐山市
8%
China2,850,000Xuzhou徐州市
8%
Indonesia1,940,000YogyakartaJavanese: ꦔꦪꦺꦴꦒꦾꦏꦂꦠ
8%
Nigeria1,000,000Zaria
8%
Angola1,250,000Benguela
6%
India1,900,000BhubaneswarOdia: ଭୁବନେଶ୍ୱର
6%
China1,650,000Datong大同市
6%
Nigeria1,000,000EnuguIgbo: Énugwú
6%
China1,560,000Guilin桂林市
6%
India1,140,000GuwahatiAssamese: গুৱাহাট
6%
India1,020,000KozhikodeMalayalam: കോഴിക്കോട്
6%
Japan1,150,000Kumamoto熊本市
6%
China2,550,000Luoyang洛阳市
6%
India1,780,000MaduraiTamil: மதுரை
6%
Nigeria1,210,000Maiduguri
6%
Indonesia1,750,000MalangJavanese: ꦏꦸꦛꦩꦭꦁ, Pegon: كَوتَ مَلَڠْ
6%
Mexico1,000,000Morelia
6%
China1,220,000Nanchong南充市
6%
China1,050,000Qiqihar齐齐哈尔市
6%
India1,890,000RajkotGujarati: રાજકોટ
6%
India1,110,000SalemTamil: சேலம்
6%
Indonesia1,150,000Serang
6%
Japan1,140,000Shizuoka静岡市
6%
Kazakhstan1,050,000ShymkentKazakh: Шымкент, شىمكەنت, Yanalif: Şьmkent
6%
Senegal1,080,000ToubaHassaniya Arabic: Ṭūbā, Wolof: Tuubaa
6%
China1,460,000Xining西宁市
6%
China1,950,000Yangzhou扬州市
6%
China2,200,000Yantai烟台市
6%
India1,610,000AsansolBengali: আসানসোল
3%
China2,075,000Baoding保定市
3%
South Korea1,040,000Changwon창원시
3%
Indonesia1,120,000CirebonJavanese: ꦕꦶꦉꦧꦺꦴꦤ꧀
3%
China1,620,000Daqing大庆市
3%
India1,380,000DhanbadBengali: ধানবাদ, Hindi: धनबाद
3%
India1,400,000GwaliorHindi: ग्वालियर
3%
India1,140,000Hubli-DharwarKannada: ಹುಬ್ಬಳ್ಳಿ-ಧಾರವಾಡ
3%
Nigeria1,070,000Ilorin
3%
India1,120,000JalandharPunjabi: ਜਲੰਧਰ
3%
China1,000,000Jiaxing嘉兴市
3%
China1,120,000Kaifeng开封市
3%
Congo, D.R.1,230,000Kananga
3%
Indonesia1,200,000Karawang
3%
South Korea1,600,000Kwangju광주시
3%
China2,050,000Linyi临沂市
3%
India1,980,000LudhianaPunjabi: ਲੁਧਿਆਣਾ
3%
China1,180,000Luzhou泸州市
3%
India1,740,000MeerutHindi: मेरठ
3%
China1,260,000Nanyang南阳市
3%
India2,075,000NashikMarathi: नाशिक
3%
India1,090,000SolapurMarathi: सोलापूर
3%
China1,450,000Tai'an泰安市
3%
India1,210,000TiruchirappalliTamil: திருச்சிராப்பள்ளி
3%
India2,000,000VijayawadaTelugu: విజయవాడ
3%
China1,200,000Weihai威海市
3%
China1,480,000Wuhu芜湖市
3%
China1,470,000Yinchuan银川市
3%
China1,750,000Zhuhai珠海市
3%
China1,700,000Anyang安阳市
0%
India1,800,000AurangabadMarathi: औरंगाबाद
0%
Indonesia1,200,000Bandar Lumpung
0%
China1,200,000Baoji宝鸡市
0%
India1,310,000BareillyHindi: बरेली, Urdu: بریلی
0%
China1,540,000Bengbu蚌埠市
0%
China1,100,000Benxi本溪市
0%
China1,110,000Cangnan苍南县
0%
China1,160,000Changde常德市
0%
China1,050,000Changshu常熟市
0%
China1,040,000Changzhi长治市
0%
China1,130,000ChifengChinese: 万州区, Mongolian: ᠤᠯᠠᠭᠠᠨᠬᠠᠳᠠ
0%
India2,700,000CoimbatureTamil: கோவை
0%
Mexico1,050,000Cuernavaca
0%
China1,210,000Fuyang阜阳市
0%
China1,500,000Ganzhou赣州市
0%
China1,670,000Handan邯郸市
0%
China1,000,000Hechuan合川区
0%
China1,690,000Hengyang衡阳市
0%
China1,980,000Huai'an淮安市
0%
China1,520,000Huaibei淮北市
0%
India1,490,000JabalpurHindi: जबलपुर
0%
India1,660,000JamshedpurHindi: जमशेदपुर
0%
China2,475,000Jiangyin江阴市
0%
China1,470,000Jiaozuo焦作市
0%
China1,210,000Jingzhou荆州市
0%
China1,230,000Jining济宁市
0%
China1,100,000Jinzhou锦州市
0%
China1,150,000Lianyungang连云港市
0%
China2,000,000Liuzhou柳州市
0%
China1,180,000Ma'anshan马鞍山市
0%
China1,420,000Maoming茂名市
0%
Iran3,200,000Meshedمشهد
0%
China1,230,000Mianyang绵阳市
0%
India1,260,000MoradabadHindi: मुरादाबाद, Urdu: مراد آباد
0%
China1,990,000Nantong南通市
0%
China1,030,000Panjin盘锦市
0%
China1,020,000Pingdingshan平顶山市
0%
China1,040,000Pingxiang萍乡市
0%
China1,380,000Putian莆田市
0%
China1,070,000Qingyuan清远市
0%
China1,330,000Qinhuangdao秦皇岛市
0%
India1,430,000RanchiHindi: रांची
0%
China1,230,000Rizhao日照市
0%
India1,020,000SiliguriBengali: শিলিগুড়ি
0%
China1,050,000Suqian宿迁市
0%
South Korea1,540,000Taejon대전시
0%
China1,060,000Tengzhou滕州市
0%
India1,400,000TirupurTamil: திருப்பூர்
0%
China1,140,000Wanzhou万州区
0%
China1,990,000Weifang潍坊市
0%
China1,400,000Xiangtan湘潭市
0%
China1,880,000Xiangyang襄阳市
0%
China1,520,000Xingtai邢台市
0%
China2,125,000Xinxiang新乡市
0%
China1,420,000Yancheng盐城市
0%
China1,030,000Yibin宜宾市
0%
China1,380,000Yichang宜昌市
0%
China1,010,000Yingkou营口市
0%
China1,660,000Yiwu义乌市
0%
China1,150,000Yueyang岳阳市
0%
China1,060,000Zaozhuang枣庄市
0%
China1,480,000Zhangjiakou张家口市
0%
China1,310,000Zhanjiang湛江市
0%
China1,150,000Zhenjiang镇江市
0%
China1,330,000Zhuzhou株洲市
0%
China1,030,000Zigong自贡市
0%
China1,250,000Zunyi遵义市
0%

Score Distribution

Percentile by Number Answered

Percent of People with Each Score

Your Score History

You have not taken this quiz